Iran, quest for security /

Bibliographic Details
Main Author: Rajendra Singh, K., 1932-
Format: Book
Language:English
Published: New Delhi : Vikas ; [1980]
Subjects:

MARC

Tag First Indicator Second Indicator Subfields
LEADER 00000cam a2200000 a 4500
001 in00000072548
005 20151008053441.0
008 810605s1980 ii b b 00110 eng d
020 |a 0706912594 
035 |a (OCoLC)07479083 
035 |9 AAH7463AM 
040 |a LCI  |c LCI  |d TXA  |d UtOrBLW 
043 |a a-ir--- 
049 |a TXAM  |c [1195806] 
090 |a DS316.3  |b .R3 
100 1 |a Rajendra Singh, K.,  |d 1932- 
245 1 0 |a Iran, quest for security /  |c K.R. Singh. 
264 1 |a New Delhi :  |b Vikas ;  |c [1980] 
264 2 |a New York, N.Y. :  |b Exclusive distributor for USA and Canada, Advent Books, 
264 4 |c ©1980 
300 |a x, 443 pages :  |b map ;  |c 23 cm. 
336 |a text  |b txt  |2 rdacontent 
337 |a unmediated  |b n  |2 rdamedia 
338 |a volume  |b nc  |2 rdacarrier 
500 |a Distributor from label on title page. 
504 |a Includes bibliographical references and index. 
650 0 |a National security  |z Iran. 
651 0 |a Iran  |x History  |y Pahlavi dynasty, 1925-1979. 
651 0 |a Iran  |x Foreign relations. 
651 0 |a Iran  |x Military policy. 
999 |a MARS 
999 f f |s 5495230a-98e1-3c8e-a8e3-61fc6017b0b8  |i d2bf3da0-7ea0-30b1-a89e-1e16500f65a1  |t 0 
952 f f |p ric  |a Texas A&M University  |b Rellis Campus  |c Joint Library Facility  |d Remote Storage  |t 0  |e DS316.3 .R3  |h Library of Congress classification  |i unmediated -- volume  |m A14806101102 
998 f f |a DS316.3 .R3  |t 0  |l Remote Storage